000 00914nam a2200289 i 4500
001 88915
003 ES-MaACL
005 20250815103020.0
007 t|
008 041230s1993 sp ||||1| spa d
020 _a84-7593-053-0
080 _a572.1/.4
080 _a809.1-53
080 _a903.57
245 0 0 _aOrígenes del hombre moderno /
_cselección e introducción de Jaume Bertranpetit.
250 _a1ª ed.
260 _aBarcelona :
_bPrensa Científica,
_c1993.
300 _a142 p. :
_bil. col. y n. ;
_c29 cm.
490 1 _aLibros de Investigación y ciencia
650 1 4 _aHombre-
_xOrigen.
_913452
650 0 4 _aLenguas indoeuropeas-
_vHistoria.
_914361
650 1 7 _aHombre prehistórico
_2embne
_913455
700 1 _aBertranpetit, Jaume.
_928539
830 0 0 _aLibros de investigación y ciencia
_9181956
852 _aES-MaACL
_jE-10754
_bR.135003
999 _c88915
_d88915